| 000 | 00350nam a22001331a 4500 | ||
|---|---|---|---|
| 999 |
_c163197 _d163197 |
||
| 020 | _a9780333929841 | ||
| 082 |
_a352.3 _bRAV/A |
||
| 245 |
_aAdministrative thinkers/ _cby Ravindra Prasad D (ed.). |
||
| 260 |
_aNew Delhi: _bSterling, _c1994. |
||
| 300 | _a313p. | ||
| 650 | _aPublic Administrators | ||
| 700 | _aRavindra Prasad D (ed.) | ||
| 942 | _cBK | ||